000
00291nam a2200109Ia 4500
008
171211s9999 xx 000 0 und d
245
_a
Essential Manners for Couples
245
_c
Peter Post
260
_c
2006
650
_x
TRAVEL
856
_u
http://down.ebook777.com/016/978-0060776657.pdf
999
_c
347719
_d
347719